[Event "Olympiad Women-44"]
[Site "Chennai"]
[Date "2022.08.09"]
[Round "11.4"]
[White "Ramirez Gonzalez, Maria Jose"]
[Black "Malikova, Marjona"]
[Result "1/2-1/2"]
[WhiteElo "1809"]
[BlackElo "1756"]
[PlyCount "62"]
[EventDate "2022.07.29"]
[EventType "team-swiss"]
[EventRounds "11"]
[EventCountry "IND"]
[SourceTitle "CBM 210"]
[Source "ChessBase"]
[SourceDate "2022.10.31"]
[SourceVersion "1"]
[SourceVersionDate "2022.10.31"]
[SourceQuality "1"]
[WhiteTeam "Costa Rica (W)"]
[BlackTeam "Uzbekistan (W)"]
[WhiteTeamCountry "CRI"]
[BlackTeamCountry "UZB"]

1. d4 Nf6 2. c4 e6 3. Nf3 b6 4. g3 Bb7 5. Bg2 Bb4+ 6. Nbd2 0-0 7. 0-0 d5 8. Qc2 Bxd2 9. Bxd2 dxc4 10. Rfd1 Bd5 11. Rac1 Nc6 12. Bg5 Bxf3 13. exf3 Nxd4 14. Qxc4 c5 15. Kf1 Rc8 16. a4 a5 17. Be3 e5 18. Rd2 Qd5 19. Qc3 Qe6 20. Rcd1 Nd5 21. Qd3 Nb4 22. Qe4 f5 23. Qh4 Qc4+ 24. Kg1 Ne2+ 25. Kh1 Qxh4 26. gxh4 Nd4 27. f4 e4 28. Bf1 Nbc2 29. Bc4+ Kh8 30. h5 g6 31. h6 g5 1/2-1/2

[Event "Olympiad Women-44"]
[Site "Chennai"]
[Date "2022.07.31"]
[Round "3.4"]
[White "Ramirez Gonzalez, Maria Jose"]
[Black "Dunat, Kimberlie"]
[Result "1-0"]
[WhiteElo "1809"]
[BlackElo "1398"]
[PlyCount "61"]
[EventDate "2022.07.29"]
[EventType "team-swiss"]
[EventRounds "11"]
[EventCountry "IND"]
[SourceTitle "CBM 210"]
[Source "ChessBase"]
[SourceDate "2022.10.31"]
[SourceVersion "1"]
[SourceVersionDate "2022.10.31"]
[SourceQuality "1"]
[WhiteTeam "Costa Rica (W)"]
[BlackTeam "Haiti (W)"]
[WhiteTeamCountry "CRI"]
[BlackTeamCountry "HAI"]

1. d4 d5 2. c4 dxc4 3. e3 Bf5 4. Bxc4 e6 5. Nf3 Bd6 6. Nc3 Nf6 7. Qe2 Bg4 8. h3 Bh5 9. 0-0 c6 10. e4 e5 11. g4 Nxg4 12. hxg4 Bxg4 13. Kg2 Qd7 14. Rh1 0-0 15. dxe5 Bxf3+ 16. Qxf3 Bxe5 17. Qh5 h6 18. Qxe5 Re8 19. Qg3 Kf8 20. Bf4 Qd4 21. Bb3 Qf6 22. Rad1 g5 23. Bxb8 Raxb8 24. Rd7 Re7 25. Qxb8+ Kg7 26. Rxe7 Qxe7 27. Rd1 g4 28. Qf4 h5 29. Qf5 Kh6 30. Bxf7 Qg5 31. Rd6+ 1-0

[Event "American Continental 16th"]
[Site "San Salvador"]
[Date "2022.05.04"]
[Round "4"]
[White "Chavez, Fernando G"]
[Black "Ramirez Gonzalez, Maria Jose"]
[Result "1-0"]
[WhiteElo "2142"]
[BlackElo "1857"]
[PlyCount "49"]
[EventDate "2022.05.02"]
[EventType "swiss"]
[EventRounds "11"]
[EventCountry "ESA"]
[SourceTitle "CBM 208 Extra"]
[Source "ChessBase"]
[SourceDate "2022.07.31"]
[SourceVersion "1"]
[SourceVersionDate "2022.07.31"]
[SourceQuality "1"]

1. e4 e5 2. Nf3 Nc6 3. Bb5 Nge7 4. Nc3 a6 5. Bc4 h6 6. 0-0 d6 7. d4 b5 8. Bd5 Bg4 9. dxe5 Bxf3 10. Qxf3 Nxe5 11. Qg3 Nxd5 12. exd5 Qf6 13. f4 Nc4 14. Re1+ Be7 15. Qd3 0-0 16. a4 Rfb8 17. b3 b4 18. Qxc4 bxc3 19. Be3 Qg6 20. Re2 Bf6 21. Rc1 a5 22. g3 h5 23. Bf2 h4 24. Qxc7 hxg3 25. hxg3 1-0

[Event "American Continental 16th"]
[Site "San Salvador"]
[Date "2022.05.03"]
[Round "2"]
[White "Perez, Francisco3333"]
[Black "Ramirez Gonzalez, Maria Jose"]
[Result "1/2-1/2"]
[WhiteElo "1481"]
[BlackElo "1857"]
[PlyCount "126"]
[EventDate "2022.05.02"]
[EventType "swiss"]
[EventRounds "11"]
[EventCountry "ESA"]
[SourceTitle "EXT 2023"]
[Source "ChessBase"]
[SourceDate "2022.10.05"]
[SourceVersion "1"]
[SourceVersionDate "2022.10.05"]
[SourceQuality "1"]

1. e4 e5 2. Nf3 Nc6 3. Bb5 Nge7 4. 0-0 g6 5. c3 a6 6. Ba4 Bg7 7. d4 exd4 8. cxd4 b5 9. Bc2 0-0 10. a4 Bb7 11. Re1 Nb4 12. Bb3 d5 13. exd5 Nexd5 14. Nc3 Nxc3 15. bxc3 Nd5 16. Qd3 Re8 17. Rxe8+ Qxe8 18. Bxd5 Bxd5 19. Bf4 Be4 20. Qe3 Qc6 21. axb5 axb5 22. Rxa8+ Qxa8 23. Bxc7 Bh6 24. Qe2 Qa1+ 25. Ne1 Bc6 26. Be5 Qc1 27. f4 Qxc3 28. Nc2 b4 29. Ne3 Qc1+ 30. Kf2 b3 31. d5 Bxf4 32. Bxf4 b2 33. dxc6 b1Q 34. c7 Qe4 35. Kg3 h5 36. h4 Qc3 37. Qd1 Kh7 38. Qd6 Qe1+ 39. Kh3 Qh1+ 40. Kg3 Qe1+ 41. Kh3 Qh1+ 42. Kg3 Qc1 43. Qf6 Qe1+ 44. Kh2 Qa1 45. Qxa1 Qxf4+ 46. Kh1 Qxc7 47. Nd5 Qc4 48. Nf6+ Kh6 49. Qe1 Qf4 50. Nd5 Qf5 51. Qe3+ Kh7 52. Qg5 Qb1+ 53. Kh2 Qb8+ 54. g3 Qb2+ 55. Kh3 Qe2 56. Nf6+ Kg7 57. Qf4 Qe6+ 58. Ng4 hxg4+ 59. Qxg4 Qf6 60. Kg2 Qb2+ 61. Kh3 Qf2 62. Qe4 Qf1+ 63. Kh2 Qf2+ 1/2-1/2

[Event "Pan American-ch Amateur U2300"]
[Site "San Jose"]
[Date "2019.10.26"]
[Round "7.6"]
[White "Ramirez Gonzalez, Maria Jose"]
[Black "Ramirez Toledo, Ayleen Maribel"]
[Result "1/2-1/2"]
[WhiteElo "1797"]
[BlackElo "1805"]
[PlyCount "39"]
[EventDate "2019.10.23"]
[EventType "swiss"]
[EventRounds "9"]
[EventCountry "CRI"]
[SourceTitle "EXT 2021"]
[Source "ChessBase"]
[SourceDate "2020.10.23"]
[SourceVersion "1"]
[SourceVersionDate "2020.10.23"]
[SourceQuality "1"]

1. d4 Nf6 2. Bf4 g6 3. e3 Bg7 4. Nf3 d6 5. h3 b6 6. Be2 Bb7 7. 0-0 Nbd7 8. Nbd2 0-0 9. c3 a6 10. Bh2 c5 11. Re1 Rc8 12. a4 Re8 13. Bf1 Qc7 14. Rc1 Qb8 15. e4 cxd4 16. cxd4 Rxc1 17. Qxc1 Rc8 18. Qb1 Ne8 19. e5 dxe5 20. Nxe5 1/2-1/2

[Event "Tunja Universitario ODUCC (Women)"]
[Site "Tunja"]
[Date "2019.05.22"]
[Round "4.3"]
[White "Ramirez Gonzalez, Maria Jose"]
[Black "Acevedo Mendez, Jennifer"]
[Result "1-0"]
[WhiteElo "1820"]
[BlackElo "1771"]
[PlyCount "85"]
[EventDate "2019.05.21"]
[EventType "swiss"]
[EventRounds "7"]
[EventCountry "COL"]
[SourceTitle "EXT 2024"]
[Source "ChessBase"]
[SourceDate "2023.10.10"]
[SourceVersion "1"]
[SourceVersionDate "2023.10.10"]
[SourceQuality "1"]

1. d4 f5 2. Bf4 Nf6 3. Nf3 g6 4. e3 Bg7 5. c4 d6 6. Nc3 c6 7. Qc2 0-0 8. h3 Nbd7 9. 0-0-0 d5 10. Ne5 Nb6 11. f3 Be6 12. c5 Nbd7 13. g4 Nxe5 14. Bxe5 Nd7 15. Bxg7 Kxg7 16. Bd3 b6 17. cxb6 axb6 18. gxf5 Bxf5 19. e4 Be6 20. Rhg1 Rxf3 21. exd5 Bf7 22. Be4 Rxc3 23. bxc3 cxd5 24. Bd3 Qc7 25. Rdf1 Nf6 26. h4 Ra3 27. Kb2 Qa7 28. Ra1 Qa5 29. Rg5 Nd7 30. h5 Nf8 31. hxg6 hxg6 32. Re5 e6 33. Qd2 Nd7 34. Re3 e5 35. Rh3 Kf8 36. Rh8+ Ke7 37. Qg5+ Ke6 38. Bf5+ Kd6 39. dxe5+ Nxe5 40. Qf6+ Kc5 41. Qe7+ Kb5 42. Bd7+ Kc4 43. Rh4+ 1-0

[Event "CRI-ch sf (Women)"]
[Site "San Jose"]
[Date "2018.11.18"]
[Round "3"]
[White "Morera Campos, Yanori Maria"]
[Black "Ramirez Gonzalez, Maria Jose"]
[Result "1/2-1/2"]
[WhiteElo "1915"]
[BlackElo "1851"]
[PlyCount "30"]
[EventDate "2018.11.17"]
[EventType "swiss"]
[EventRounds "7"]
[EventCountry "CRI"]
[SourceTitle "CBM 187 Extra"]
[Source "ChessBase"]
[SourceDate "2018.11.04"]
[SourceVersion "1"]
[SourceVersionDate "2018.11.04"]
[SourceQuality "1"]

1. d4 d5 2. Nc3 Nf6 3. Bg5 e6 4. e3 Be7 5. Bd3 0-0 6. f4 c5 7. Nf3 Nc6 8. 0-0 c4 9. Be2 a6 10. Ne5 Qc7 11. a4 Rb8 12. Bf3 b5 13. axb5 axb5 14. h3 h6 15. Bh4 b4 1/2-1/2

[Event "CRI-ch sf (Women)"]
[Site "San Jose"]
[Date "2018.11.17"]
[Round "1"]
[White "Hernandez Leandro, Aliza"]
[Black "Ramirez Gonzalez, Maria Jose"]
[Result "0-1"]
[WhiteElo "1363"]
[BlackElo "1851"]
[PlyCount "110"]
[EventDate "2018.11.17"]
[EventType "swiss"]
[EventRounds "7"]
[EventCountry "CRI"]
[SourceTitle "CBM 187 Extra"]
[Source "ChessBase"]
[SourceDate "2018.11.04"]
[SourceVersion "1"]
[SourceVersionDate "2018.11.04"]
[SourceQuality "1"]

1. e4 e5 2. Nf3 Nc6 3. Bb5 Nf6 4. d3 a6 5. Ba4 b5 6. Bb3 Bc5 7. 0-0 d6 8. c3 0-0 9. h3 h6 10. Nbd2 Bb7 11. Re1 Bb6 12. Nf1 Nh5 13. Be3 Ba7 14. Bc2 Nf4 15. Ng3 Ne7 16. d4 Neg6 17. Qd2 Qf6 18. Rad1 Nxh3+ 19. Kh2 Nhf4 20. d5 Bc8 21. Nf5 Bxf5 22. exf5 Nh4 23. Nxh4 Qxh4+ 24. Kg1 Qg4 25. Bxf4 exf4 26. Re4 Qxf5 27. Rxf4 Qg5 28. Re4 Qxd2 29. Rxd2 Rfe8 30. Rde2 Kf8 31. Kf1 Rxe4 32. Rxe4 Re8 33. Ke2 Rxe4+ 34. Bxe4 Ke7 35. f4 Kf6 36. Kf3 g5 37. Kg4 Be3 38. f5 Ke5 39. Bf3 Bc1 40. b3 Bd2 41. c4 bxc4 42. bxc4 a5 43. a4 Kd4 44. Be2 f6 45. Kh5 Kc5 46. g4 Kb4 47. Kxh6 Kxa4 48. Kg6 Bc3 49. Kf7 Kb4 50. Bd1 a4 51. Bxa4 Kxa4 52. Ke6 Kb4 53. Kd7 Kxc4 54. Kc6 Be5 55. Kxc7 Kxd5 0-1

[Event "American Continental 13th"]
[Site "Medellin"]
[Date "2017.06.17"]
[Round "10"]
[White "Andrade Truyol, Geiner Jose"]
[Black "Ramirez Gonzalez, Maria Jose"]
[Result "1/2-1/2"]
[WhiteElo "2027"]
[BlackElo "1824"]
[PlyCount "101"]
[EventDate "2017.06.10"]
[EventType "swiss"]
[EventRounds "11"]
[EventCountry "COL"]
[SourceTitle "CBM 178 Extra"]
[Source "ChessBase"]
[SourceDate "2017.06.22"]
[SourceVersion "1"]
[SourceVersionDate "2017.06.22"]
[SourceQuality "1"]

1. d4 Nf6 2. c4 c5 3. d5 b5 4. cxb5 a6 5. bxa6 g6 6. Nc3 Bxa6 7. g3 d6 8. Bg2 Bg7 9. Nh3 0-0 10. 0-0 Nbd7 11. Qc2 Nb6 12. Rd1 Ne8 13. Rb1 Nc7 14. Nf4 Nb5 15. Bd2 Nc4 16. Be1 Qc7 17. e3 Rfb8 18. h4 Ra7 19. a4 Nxc3 20. Bxc3 Bxc3 21. Qxc3 Rab7 22. Bf1 Rb3 23. Qc2 R3b4 24. h5 g5 25. Nd3 R4b6 26. h6 Qc8 27. b3 Ne5 28. Nxe5 dxe5 29. Bxa6 Rxa6 30. d6 exd6 31. Qe4 Qe6 32. Qc4 Rab6 33. Qd3 Qxh6 34. a5 Rc6 35. Qd5 Ra6 36. Ra1 Qf6 37. Ra4 Qd8 38. Rda1 Rba8 39. b4 cxb4 40. Qb5 b3 41. Qxb3 Rxa5 42. Rxa5 Rxa5 43. Rxa5 Qxa5 44. Qb8+ Kg7 45. Qxd6 h5 46. Qe7 Kg6 47. Qe8 Qd5 48. Qg8+ Kf6 49. Qh8+ Kg6 50. Qg8+ Kf6 51. Qh8+ 1/2-1/2

[Event "American Continental 13th"]
[Site "Medellin"]
[Date "2017.06.16"]
[Round "9"]
[White "Ramirez Gonzalez, Maria Jose"]
[Black "Patino Garcia, Corals"]
[Result "0-1"]
[WhiteElo "1824"]
[BlackElo "1967"]
[PlyCount "35"]
[EventDate "2017.06.10"]
[EventType "swiss"]
[EventRounds "11"]
[EventCountry "COL"]
[SourceTitle "EXT 2018"]
[Source "ChessBase"]
[SourceDate "2017.10.13"]
[SourceVersion "1"]
[SourceVersionDate "2017.10.13"]
[SourceQuality "1"]

1. e4 c5 2. Nf3 e6 3. d4 cxd4 4. Nxd4 Nc6 5. Nc3 Qc7 6. Be3 a6 7. f3 Bb4 8. Nxc6 bxc6 9. Qd4 Be7 10. Be2 Bf6 11. Qd2 Rb8 12. Rb1 Bh4+ 13. g3 Be7 14. 0-0 Nf6 15. f4 Bb4 16. Bf3 d5 17. exd5 cxd5 18. Bxd5 0-1

[Event "CRI-ch (Women)"]
[Site "San Jose"]
[Date "2015.09.03"]
[Round "8"]
[White "Ramirez Gonzalez, Maria Jose"]
[Black "Nunez Gonzalez, Neeshmy"]
[Result "1/2-1/2"]
[WhiteElo "1817"]
[BlackElo "1804"]
[PlyCount "92"]
[EventDate "2015.08.26"]
[EventType "tourn"]
[EventRounds "9"]
[EventCountry "CRI"]
[SourceTitle "EXT 2016"]
[Source "ChessBase"]
[SourceDate "2015.10.08"]
[SourceVersion "1"]
[SourceVersionDate "2015.10.08"]
[SourceQuality "1"]

1. d4 Nf6 2. Nf3 g6 3. Bf4 Bg7 4. e3 d6 5. h3 0-0 6. Be2 Nbd7 7. 0-0 c5 8. Nbd2 a6 9. a4 b6 10. c3 Bb7 11. Bh2 Ne4 12. Nxe4 Bxe4 13. Nd2 Bc6 14. b4 b5 15. axb5 Bxb5 16. bxc5 dxc5 17. Bxb5 axb5 18. Qb3 b4 19. cxb4 cxd4 20. exd4 Bxd4 21. Rxa8 Qxa8 22. Nf3 Bf6 23. Rd1 Nb6 24. Qe3 Qb7 25. Qd3 Na4 26. Qb3 Nc5 27. Qc4 Na4 28. Rc1 Nb6 29. Qb3 Rc8 30. Rxc8+ Qxc8 31. Bg3 Qc1+ 32. Kh2 Qc4 33. Qxc4 Nxc4 34. Bc7 Na3 35. Ne5 Nb5 36. Bb8 Bg5 37. Kg3 Bd2 38. Nd3 f5 39. Be5 Kf7 40. Kf3 Ke6 41. Bf4 Nd4+ 42. Kg3 Ne2+ 43. Kf3 Nd4+ 44. Kg3 Ne2+ 45. Kf3 Nd4+ 46. Kg3 Ne2+ 1/2-1/2

[Event "CRI-ch (Women)"]
[Site "San Jose"]
[Date "2015.08.30"]
[Round "5"]
[White "Bogantes Robleto, Karina"]
[Black "Ramirez Gonzalez, Maria Jose"]
[Result "1/2-1/2"]
[WhiteElo "1661"]
[BlackElo "1817"]
[PlyCount "133"]
[EventDate "2015.08.26"]
[EventType "tourn"]
[EventRounds "9"]
[EventCountry "CRI"]
[SourceTitle "EXT 2016"]
[Source "ChessBase"]
[SourceDate "2015.10.08"]
[SourceVersion "1"]
[SourceVersionDate "2015.10.08"]
[SourceQuality "1"]

1. e4 e5 2. Nf3 Nc6 3. Bc4 Nf6 4. Ng5 d5 5. exd5 Na5 6. Bb5+ c6 7. dxc6 bxc6 8. Bd3 h6 9. Ne4 Nd5 10. 0-0 Be7 11. Ng3 0-0 12. Bf5 Re8 13. d3 Qb6 14. Qg4 Nf6 15. Qe2 Bc5 16. Nd2 Nb7 17. Bxc8 Raxc8 18. Nge4 Nxe4 19. Nxe4 Be7 20. Be3 c5 21. Qg4 Qc6 22. b3 Rf8 23. Qf5 Qc7 24. f4 exf4 25. Bxf4 Qb6 26. Kh1 Nd6 27. Nxd6 Bxd6 28. Bxd6 Qxd6 29. Rae1 Rc7 30. Qe5 Qb6 31. Re4 Rc6 32. Qd5 Rd6 33. Qc4 Rf6 34. Ref4 Rxf4 35. Qxf4 Qa5 36. a4 Qc3 37. Qf2 f6 38. Re1 Kf7 39. Qe2 Kg8 40. h3 a5 41. Qe6+ Kh8 42. Re2 Qa1+ 43. Kh2 Qd1 44. Qg4 Qc1 45. Re7 Rg8 46. Qc4 Rc8 47. Kg3 f5 48. Qf4 Qxc2 49. Qxf5 Rd8 50. Rd7 Rxd7 51. Qxd7 Qxb3 52. Qb5 Qc3 53. Qe8+ Kh7 54. Qe4+ Kh8 55. Kg4 Qd2 56. h4 Qd1+ 57. Kf5 Qh5+ 58. Ke6 Qe8+ 59. Kd5 Qc8 60. Qe6 Qd8+ 61. Kxc5 Qxd3 62. g4 Qa3+ 63. Kb5 Qb4+ 64. Ka6 Qxa4 65. Qc8+ Kh7 66. Qf5+ Kh8 67. Qc8+ 1/2-1/2

[Event "Pan American-ch U20 Girls"]
[Site "San Salvador"]
[Date "2015.07.18"]
[Round "5"]
[White "Librelato, Kathie Goulart"]
[Black "Ramirez Gonzalez, Maria Jose"]
[Result "1-0"]
[WhiteElo "1842"]
[BlackElo "1736"]
[PlyCount "105"]
[EventDate "2015.07.16"]
[EventType "tourn"]
[EventRounds "9"]
[EventCountry "ESA"]
[SourceTitle "EXT 2016"]
[Source "ChessBase"]
[SourceDate "2015.10.08"]
[SourceVersion "1"]
[SourceVersionDate "2015.10.08"]
[SourceQuality "1"]

1. e4 e5 2. Nf3 Nc6 3. Bb5 a6 4. Ba4 Nf6 5. 0-0 b5 6. Bb3 Bc5 7. d3 h6 8. c3 d6 9. h3 Bb7 10. Re1 0-0 11. Nbd2 Bb6 12. Nf1 Re8 13. Ng3 d5 14. Qe2 dxe4 15. dxe4 Na5 16. Bc2 Nc4 17. b3 Nd6 18. Rd1 Qe7 19. Ba3 c5 20. Rd2 Rad8 21. Rad1 Qc7 22. Nh2 Qc6 23. f3 b4 24. Bb2 c4+ 25. Kh1 Ba5 26. Rxd6 Rxd6 27. Rxd6 Qxd6 28. Nf5 Qc5 29. cxb4 Qxb4 30. a3 Qe1+ 31. Qxe1 Bxe1 32. bxc4 Bc6 33. Nf1 Bf2 34. N1e3 h5 35. Nd5 Nxd5 36. exd5 Bd7 37. Nd6 Re7 38. Ne4 Bd4 39. Bxd4 exd4 40. g4 hxg4 41. hxg4 Re8 42. Bd3 Rb8 43. c5 Bb5 44. Bxb5 axb5 45. d6 Kf8 46. c6 Ra8 47. c7 Ke8 48. Nc5 Rd8 49. d7+ Rxd7 50. c8Q+ Rd8 51. Qc6+ Kf8 52. Qxb5 Kg8 53. Qc4 1-0